La novela argentina; un itinerario /

Guardado en:
Autor Principal: García, Germán
Formato: Libro
Publicado: Buenos Aires : Sudamericana, 1952
Series:Historia y Cr¡ticas Literarias
Materias:
Etiquetas: Agregar Etiqueta
Sin Etiquetas, Sea el primero en etiquetar este registro!
LEADER 00682nam a22002175a 4500
001 CEM.cems002805
005 20060220000000.0
008 130507s1952##################000#0#####d
003 CEMS
082 0 4 |a A863.04 
100 1 |a García, Germán 
245 1 0 |a La novela argentina; un itinerario /  |c Germán García 
260 |a Buenos Aires :  |b Sudamericana,  |c 1952 
300 |a 317 p. 
490 0 |a Historia y Cr¡ticas Literarias 
653 |a Literatura 
653 |a Literatura argentina 
653 |a Novela-ensayo 
653 |a Novela-historia 
859 |a CEMS  |b BIB. CEMS - 11 de abril  |h A863.04  |i G165  |p 14819.76  |t Ej.1 
859 |a CEMS  |b BIB. CEMS - 11 de abril  |h A863.04  |i G165  |p 14820.76  |t Ej.2